[Event "Kaluga Tsiolkovsky Memorial op"]
[Site "Kaluga"]
[Date "2013.08.09"]
[Round "7"]
[White "Kedrov, Valery V"]
[Black "Provotorov, Alexandr P"]
[Result "0-1"]
[WhiteElo "2177"]
[BlackElo "2347"]
[PlyCount "85"]
[EventDate "2013.08.03"]
[EventType "swiss"]
[EventRounds "9"]
[EventCountry "RUS"]
[SourceTitle "CBM 156 Extra"]
[Source "ChessBase"]
[SourceDate "2013.10.22"]
[SourceVersion "1"]
[SourceVersionDate "2013.10.22"]
[SourceQuality "1"]

1. e4 e5 2. Nf3 Nc6 3. Nc3 Nf6 4. Bb5 Nd4 5. Nxd4 exd4 6. e5 dxc3 7. exf6 Qxf6 8. dxc3 Qe5+ 9. Be2 Bc5 10. 0-0 0-0 11. Bd3 d6 12. Qf3 c6 13. Bf4 Qf6 14. b4 Bb6 15. Qg3 Bf5 16. Bxd6 Rfe8 17. c4 Bxd3 18. cxd3 Bd4 19. Rab1 Re2 20. a4 Rxf2 21. Rxf2 Bxf2+ 22. Qxf2 Qxd6 23. Qe3 g6 24. a5 a6 25. g3 Rd8 26. Rb3 Qf6 27. Kg2 h5 28. h4 Kg7 29. Qf2 Qe6 30. Qb2+ Kh7 31. Qf2 Rd7 32. Qf3 Qe5 33. Qf2 f5 34. Qf3 Rd4 35. b5 f4 36. bxc6 bxc6 37. Rb7+ Kh6 38. Rb6 Qxa5 39. Qxc6 Qd2+ 40. Kh3 Qxd3 41. Qg2 Qf5+ 42. Kh2 Rd3 43. Rb2 0-1

[Event "Moscow op 10"]
[Site "Moscow"]
[Date "2009.10.29"]
[Round "8"]
[White "Ulko, Jaroslav"]
[Black "Kedrov, Valery V"]
[Result "1-0"]
[WhiteElo "2478"]
[BlackElo "2305"]
[PlyCount "89"]
[EventDate "2009.10.17"]
[EventType "swiss"]
[EventRounds "9"]
[EventCountry "RUS"]
[SourceTitle "EXT 2010"]
[Source "ChessBase"]
[SourceDate "2010.11.25"]
[SourceVersion "1"]
[SourceVersionDate "2010.11.25"]
[SourceQuality "1"]

1. d4 Nf6 2. c4 g6 3. Nc3 Bg7 4. e4 0-0 5. Nf3 d6 6. Be2 c5 7. 0-0 cxd4 8. Nxd4 Nc6 9. Be3 Nxd4 10. Bxd4 Be6 11. Qd2 Qa5 12. Rad1 Rfc8 13. b3 a6 14. f4 b5 15. f5 Bd7 16. Bxf6 Bxf6 17. Nd5 Qxd2 18. Nxf6+ exf6 19. Rxd2 bxc4 20. Rxd6 Bc6 21. fxg6 hxg6 22. Bxc4 Bb5 23. Rc1 Kg7 24. a4 Rab8 25. a5 Bxc4 26. bxc4 Rc5 27. Rxa6 Re8 28. Rf1 Rxe4 29. Raxf6 Re7 30. a6 Rxc4 31. R6f4 Rc2 32. R4f2 Rc6 33. Ra2 Ra7 34. Rfa1 f5 35. Kf2 Re6 36. Ra5 Kh6 37. R1a3 Kg5 38. R3a4 Kh6 39. Kf3 Ree7 40. Rh4+ Kg7 41. Rb4 Kh6 42. Rb6 Kg5 43. h4+ Kh5 44. g4+ Kxh4 45. gxf5 1-0

[Event "Moscow op 10"]
[Site "Moscow"]
[Date "2009.10.25"]
[Round "6"]
[White "Elishev, Ivan"]
[Black "Kedrov, Valery V"]
[Result "1/2-1/2"]
[WhiteElo "2240"]
[BlackElo "2305"]
[PlyCount "79"]
[EventDate "2009.10.17"]
[EventType "swiss"]
[EventRounds "9"]
[EventCountry "RUS"]
[SourceTitle "EXT 2010"]
[Source "ChessBase"]
[SourceDate "2010.11.25"]
[SourceVersion "1"]
[SourceVersionDate "2010.11.25"]
[SourceQuality "1"]

1. e4 d5 2. exd5 Qxd5 3. Nc3 Qa5 4. d4 Nf6 5. Nf3 Nc6 6. Bd2 a6 7. Bc4 Qh5 8. Ng5 Qxd1+ 9. Rxd1 e6 10. Be3 h6 11. Nge4 Nxe4 12. Nxe4 b5 13. Be2 Nb4 14. 0-0 Bb7 15. Bf3 Nd5 16. Bd2 Be7 17. Nc5 Bxc5 18. dxc5 0-0-0 19. c4 Ne7 20. Be2 Bc6 21. Bc3 f6 22. b4 Rxd1 23. Rxd1 Rd8 24. Ra1 Kb7 25. a4 bxc4 26. Bxc4 Bd5 27. Be2 c6 28. f3 e5 29. b5 axb5 30. axb5 cxb5 31. Bxb5 Ra8 32. Rxa8 Kxa8 33. Kf2 Kb7 34. h4 Be6 35. Bd3 Bd5 36. Bb5 Bc6 37. Bd3 Bd5 38. Bb5 Bc6 39. Bd3 Bd5 40. Bb5 1/2-1/2

[Event "Moscow op 03rd"]
[Site "Moscow"]
[Date "2007.02.01"]
[Round "6"]
[White "Kedrov, Valery V"]
[Black "Gingold, Anton"]
[Result "1-0"]
[WhiteElo "2300"]
[BlackElo "2079"]
[PlyCount "85"]
[EventDate "2007.01.27"]
[EventType "swiss"]
[EventRounds "9"]
[EventCountry "RUS"]
[SourceTitle "CBM 116 Extra"]
[Source "ChessBase"]
[SourceDate "2007.03.07"]
[SourceVersion "1"]
[SourceVersionDate "2007.03.07"]
[SourceQuality "1"]

1. e4 c5 2. Nf3 d6 3. d4 cxd4 4. Nxd4 Nf6 5. f3 e5 6. Nb3 d5 7. Bg5 Be6 8. Bxf6 gxf6 9. exd5 Qxd5 10. Qxd5 Bxd5 11. Nc3 Bb4 12. 0-0-0 Bc6 13. Nd5 Bxd5 14. Rxd5 Nc6 15. Bb5 a6 16. Bxc6+ bxc6 17. Rd3 Rd8 18. Rhd1 Rxd3 19. Rxd3 Ke7 20. a3 Bd6 21. Na5 Rc8 22. Rb3 c5 23. Nc4 Rc6 24. Rb7+ Ke6 25. Na5 Rc7 26. Rb6 Kd5 27. c4+ Ke6 28. Nb7 Rxb7 29. Rxb7 f5 30. b4 e4 31. fxe4 fxe4 32. g3 h5 33. Rb6 Ke5 34. Kd2 f5 35. Kc3 h4 36. Rxa6 cxb4+ 37. axb4 Be7 38. Ra5+ Ke6 39. b5 hxg3 40. hxg3 Bd6 41. Ra6 Kd7 42. Rxd6+ Kxd6 43. Kd4 1-0

[Event "Moscow op 03rd"]
[Site "Moscow"]
[Date "2007.01.29"]
[Round "3"]
[White "Tilicheev, Viacheslav"]
[Black "Kedrov, Valery V"]
[Result "1/2-1/2"]
[WhiteElo "2039"]
[BlackElo "2300"]
[PlyCount "97"]
[EventDate "2007.01.27"]
[EventType "swiss"]
[EventRounds "9"]
[EventCountry "RUS"]
[SourceTitle "CBM 116 Extra"]
[Source "ChessBase"]
[SourceDate "2007.03.07"]
[SourceVersion "1"]
[SourceVersionDate "2007.03.07"]
[SourceQuality "1"]

1. e4 c5 2. Nf3 g6 3. d4 cxd4 4. Nxd4 Bg7 5. Nc3 Nc6 6. Be3 Nf6 7. Bc4 0-0 8. Bb3 a5 9. f3 d5 10. exd5 Nb4 11. Nde2 a4 12. Nxa4 Nfxd5 13. Bf2 Rxa4 14. Bxa4 Bxb2 15. Rb1 Bc3+ 16. Nxc3 Nxc3 17. Qxd8 Rxd8 18. Bb6 Rd6 19. Rxb4 Rd1+ 20. Kf2 Rxh1 21. Bd4 Nxa4 22. Rxa4 Rd1 23. c3 e5 24. Ke2 Rb1 25. Bxe5 Rb6 26. Ra8 Rc6 27. g4 f5 28. g5 Kf7 29. f4 Ke6 30. Kd3 Kd7 31. Ra5 Ra6 32. Rxa6 bxa6 33. Kd4 Bb7 34. Bb8 Ke6 35. Kc5 Bf3 36. Kb6 Be2 37. Kc7 Bc4 38. a3 Be2 39. Kd8 Bb5 40. Bc7 Kf7 41. Bb6 Ke6 42. Bd4 Kf7 43. Bc5 Ke6 44. Bb4 Kf7 45. Kc7 Ke6 46. Bf8 Kf7 47. Bd6 Ke6 48. Bb4 Kd5 49. Bf8 1/2-1/2

[Event "Moscow op 03rd"]
[Site "Moscow"]
[Date "2007.01.28"]
[Round "2"]
[White "Kedrov, Valery V"]
[Black "Kassimski, Kirill"]
[Result "1/2-1/2"]
[WhiteElo "2300"]
[BlackElo "2088"]
[PlyCount "147"]
[EventDate "2007.01.27"]
[EventType "swiss"]
[EventRounds "9"]
[EventCountry "RUS"]
[SourceTitle "CBM 116 Extra"]
[Source "ChessBase"]
[SourceDate "2007.03.07"]
[SourceVersion "1"]
[SourceVersionDate "2007.03.07"]
[SourceQuality "1"]

1. e4 c5 2. Nf3 Nc6 3. c3 Nf6 4. e5 Nd5 5. d4 cxd4 6. Bc4 Nb6 7. Bb3 d6 8. exd6 Qxd6 9. 0-0 g6 10. cxd4 Bg7 11. Nc3 0-0 12. Re1 Bg4 13. Be3 Rad8 14. h3 Bxf3 15. Qxf3 Nxd4 16. Bxd4 Bxd4 17. Nb5 Qf6 18. Nxd4 Rxd4 19. Qxf6 exf6 20. Re7 Rd7 21. Rxd7 Nxd7 22. Rc1 b6 23. Rc7 Nc5 24. Bc4 a5 25. Rc6 Nd7 26. Rd6 Ne5 27. Ba6 Ra8 28. Rxb6 Kg7 29. Rd6 Ra7 30. Bb5 g5 31. b3 Rc7 32. Ra6 Rc5 33. Bf1 Nc6 34. a3 Rc1 35. g3 f5 36. Kg2 Rc5 37. Rb6 f4 38. gxf4 gxf4 39. Rb5 Rxb5 40. Bxb5 Nd4 41. Bc4 Nc2 42. Kf3 Nxa3 43. Bd3 h6 44. Kxf4 Kf6 45. h4 Ke6 46. Ke4 Kd6 47. Kd4 Kc6 48. Be4+ Kd6 49. Bd3 Kc6 50. f4 Nb5+ 51. Ke5 Nd6 52. Kf6 Kd5 53. h5 Kd4 54. Bc2 Kc3 55. Bd1 Kd2 56. Bg4 Ke3 57. Ke5 Ne4 58. f5 f6+ 59. Ke6 Kf4 60. Bd1 Kg5 61. Bc2 Nc3 62. Kd6 Kxh5 63. Kc5 Kg5 64. Kb6 a4 65. bxa4 Nxa4+ 66. Bxa4 Kxf5 67. Kc5 Kf4 68. Kd4 h5 69. Bc6 h4 70. Kd3 f5 71. Ke2 Kg3 72. Kf1 f4 73. Kg1 h3 74. Bd5 1/2-1/2

[Event "Moscow-ch"]
[Site "Moscow"]
[Date "2001.??.??"]
[Round "6"]
[White "Kedrov, Valery V"]
[Black "Kholmov, Ratmir D"]
[Result "1/2-1/2"]
[WhiteElo "2253"]
[BlackElo "2420"]
[PlyCount "81"]
[EventDate "2001.??.??"]
[EventType "swiss"]
[EventRounds "9"]
[EventCountry "RUS"]
[SourceTitle "EXT 2002"]
[Source "ChessBase"]
[SourceDate "2001.11.25"]
[SourceVersion "1"]
[SourceVersionDate "2001.11.25"]
[SourceQuality "1"]

1. e4 e5 2. Nf3 Nc6 3. Bb5 a6 4. Bxc6 dxc6 5. 0-0 f6 6. d4 exd4 7. Nxd4 c5 8. Nb3 Qxd1 9. Rxd1 Bg4 10. f3 Be6 11. Bf4 c4 12. Nd4 0-0-0 13. Nc3 Bf7 14. Nf5 Rxd1+ 15. Rxd1 Ne7 16. Nxe7+ Bxe7 17. Nd5 Bd8 18. Be3 Re8 19. Kf2 f5 20. exf5 Re5 21. Nc3 Rxf5 22. Ne4 Bh4+ 23. Ke2 Be7 24. Bd4 Bf8 25. h3 b5 26. a3 Bd5 27. g4 Bxe4 28. gxf5 Bxf5 29. c3 g6 30. Bf6 Bd6 31. h4 Kd7 32. Kf2 Ke6 33. Bd4 c5 34. Be3 a5 35. Rh1 h5 36. Re1 Kd5 37. Bg5 b4 38. Bd8 a4 39. Ba5 bxa3 40. bxa3 Be5 41. Rxe5+ 1/2-1/2

[Event "Dubna op"]
[Site "Dubna"]
[Date "2000.??.??"]
[Round "7"]
[White "Kedrov, Valery V"]
[Black "Markosian, David S"]
[Result "1-0"]
[WhiteElo "2190"]
[BlackElo "2428"]
[PlyCount "123"]
[EventDate "2000.??.??"]
[EventType "swiss"]
[EventRounds "9"]
[EventCountry "RUS"]
[SourceTitle "EXT 2002"]
[Source "ChessBase"]
[SourceDate "2001.11.25"]
[SourceVersion "1"]
[SourceVersionDate "2001.11.25"]
[SourceQuality "1"]

1. e4 d6 2. d4 Nf6 3. f3 e5 4. dxe5 dxe5 5. Qxd8+ Kxd8 6. Bc4 Be6 7. Bxe6 fxe6 8. Be3 Nc6 9. Nd2 Bd6 10. 0-0-0 Ke7 11. Nh3 Rhf8 12. Nf2 h6 13. Nd3 Nh5 14. g3 b5 15. Rdf1 g5 16. Rfg1 Rg8 17. Kd1 a5 18. h4 Nf6 19. hxg5 hxg5 20. g4 Rg7 21. Rh6 Rag8 22. Ke2 Nb4 23. c3 Nxd3 24. Kxd3 Nd7 25. Rgh1 Bc5 26. Rh8 Bxe3 27. Kxe3 a4 28. R1h7 Kd6 29. Nf1 Nb6 30. Kd3 Rg6 31. b3 Nd7 32. Nd2 axb3 33. axb3 Nf8 34. Rh1 R6g7 35. Rxg8 Rxg8 36. Ra1 Ng6 37. Ra6+ c6 38. c4 b4 39. c5+ Kxc5 40. Nc4 Rb8 41. Ra5+ Rb5 42. Ra7 Rb8 43. Ke3 Nf4 44. Nxe5 Rd8 45. Ra5+ Kb6 46. Nc4+ Kb7 47. Rxg5 Nd3 48. Rg7+ Ka6 49. Re7 Kb5 50. Rb7+ Ka6 51. Rb6+ Ka7 52. Rxc6 Nc1 53. Rxe6 Rd3+ 54. Kf2 Rxb3 55. g5 Rc3 56. Na5 Nd3+ 57. Kg3 b3 58. Nxb3 Rxb3 59. g6 Nc5 60. Re7+ Ka6 61. g7 Rb1 62. Kg4 1-0

[Event "Dubna op"]
[Site "Dubna"]
[Date "2000.??.??"]
[Round "4"]
[White "Prizant, Jaroslav"]
[Black "Kedrov, Valery V"]
[Result "1-0"]
[WhiteElo "2377"]
[BlackElo "2190"]
[PlyCount "78"]
[EventDate "2000.??.??"]
[EventType "swiss"]
[EventRounds "9"]
[EventCountry "RUS"]
[SourceTitle "EXT 2002"]
[Source "ChessBase"]
[SourceDate "2001.11.25"]
[SourceVersion "1"]
[SourceVersionDate "2001.11.25"]
[SourceQuality "1"]

1. d4 Nf6 2. c4 g6 3. Nc3 d5 4. Nf3 Bg7 5. cxd5 Nxd5 6. e4 Nxc3 7. bxc3 c5 8. h3 cxd4 9. cxd4 Nc6 10. Be3 Qa5+ 11. Bd2 Qa3 12. d5 Ne5 13. Nxe5 Bxe5 14. Bb5+ Bd7 15. Bxd7+ Kxd7 16. Rb1 Rhb8 17. 0-0 Qxa2 18. f4 Bd4+ 19. Kh1 Ke8 20. Rf3 b6 21. Bb4 Bg7 22. e5 a5 23. Ba3 b5 24. Rfb3 a4 25. Rc3 b4 26. Rxb4 Rxb4 27. Bxb4 Qb2 28. Qd4 Rd8 29. Kh2 Bh6 30. Kg3 Kf8 31. Bxe7+ Ke8 32. Bxd8 Bxf4+ 33. Kxf4 Qxg2 34. Rg3 Qf1+ 35. Rf3 Qc1+ 36. Kg3 Qe1+ 37. Kg2 a3 38. Bh4 Qe2+ 39. Rf2 Qa6 1-0

[Event "Moscow IM2"]
[Site "Moscow"]
[Date "1996.??.??"]
[Round "?"]
[White "Annakov, Babakuli"]
[Black "Kedrov, Valery V"]
[Result "1-0"]
[WhiteElo "2360"]
[BlackElo "2385"]
[PlyCount "51"]
[EventDate "1996.??.??"]
[EventType "tourn"]
[EventRounds "11"]
[EventCountry "RUS"]
[EventCategory "3"]
[SourceTitle "EXT 2000"]
[Source "ChessBase"]
[SourceDate "1999.11.16"]
[SourceVersion "1"]
[SourceVersionDate "1999.11.16"]
[SourceQuality "1"]

1. d4 Nf6 2. c4 g6 3. Nc3 d5 4. cxd5 Nxd5 5. Bd2 Bg7 6. e4 Nxc3 7. Bxc3 0-0 8. Rc1 e6 9. Bc4 b6 10. b4 Bb7 11. f3 Nd7 12. Ne2 c5 13. bxc5 bxc5 14. d5 exd5 15. Bxg7 Kxg7 16. Bxd5 Bxd5 17. Qxd5 Qa5+ 18. Kf2 Nb6 19. Rxc5 Qa3 20. Qe5+ Kg8 21. Ra5 Qd3 22. Qc3 Qd6 23. Qd4 Qc7 24. Rc5 Qe7 25. h4 Rfd8 26. Qe3 1-0

[Event "Moscow-ch"]
[Site "Moscow"]
[Date "1996.??.??"]
[Round "7"]
[White "Kedrov, Valery V"]
[Black "Vorobiov, Evgeny E"]
[Result "0-1"]
[WhiteElo "2335"]
[BlackElo "2440"]
[PlyCount "58"]
[EventDate "1996.08.??"]
[EventType "swiss"]
[EventRounds "11"]
[EventCountry "RUS"]
[SourceTitle "CBM 055 Extra"]
[Source "ChessBase"]
[SourceDate "1997.01.01"]
[SourceVersion "1"]
[SourceVersionDate "1997.01.01"]
[SourceQuality "1"]

1. e4 c5 2. Nf3 d6 3. d4 cxd4 4. Nxd4 Nf6 5. f3 Nc6 6. c4 Nxd4 7. Qxd4 g6 8. Nc3 Bg7 9. Be3 0-0 10. Qd2 Qa5 11. a3 Be6 12. b4 Qh5 13. Rc1 Rac8 14. g4 Bxg4 15. fxg4 Nxg4 16. Bg5 f6 17. Bf4 e5 18. Bg3 Bh6 19. Qd5+ Kh8 20. Qd1 Bxc1 21. Qxc1 f5 22. Be2 f4 23. h3 fxg3 24. Bxg4 g2 25. Rg1 Qh4+ 26. Kd2 Rxc4 27. Be2 Qf4+ 28. Kd3 Qxc1 29. Rxc1 Rfc8 0-1

[Event "Moscow IM2"]
[Site "Moscow"]
[Date "1996.??.??"]
[Round "?"]
[White "Kedrov, Valery V"]
[Black "Yuferov, Sergey N"]
[Result "0-1"]
[WhiteElo "2385"]
[BlackElo "2440"]
[PlyCount "86"]
[EventDate "1996.??.??"]
[EventType "tourn"]
[EventRounds "11"]
[EventCountry "RUS"]
[EventCategory "3"]
[SourceTitle "EXT 2000"]
[Source "ChessBase"]
[SourceDate "1999.11.16"]
[SourceVersion "1"]
[SourceVersionDate "1999.11.16"]
[SourceQuality "1"]

1. e4 c5 2. Nf3 Nf6 3. Nc3 d6 4. d4 cxd4 5. Nxd4 a6 6. g3 e5 7. Nb3 Be7 8. Bg5 Nbd7 9. Bg2 0-0 10. 0-0 h6 11. Bxf6 Nxf6 12. Qd2 Qb6 13. Nd5 Nxd5 14. Qxd5 Be6 15. Qa5 Qc6 16. Rac1 Rfc8 17. Qd2 a5 18. Kh1 a4 19. Na1 Bxa2 20. c3 Qb6 21. Rfd1 Ra5 22. Qe2 Bg5 23. Rc2 Bb3 24. Qg4 Be6 25. Qe2 Rac5 26. h4 Be7 27. Rcd2 a3 28. bxa3 Rxc3 29. Nc2 Qa6 30. Qxa6 bxa6 31. Nb4 Rxa3 32. Nd5 Bd8 33. Rb1 a5 34. Rb7 Ra8 35. Rdb2 Ra1+ 36. Kh2 Rc1 37. f4 a4 38. f5 Bxd5 39. exd5 a3 40. Ra2 Rc3 41. Rd7 Bc7 42. f6 gxf6 43. Rf2 Rd8 0-1

[Event "Moscow IM5"]
[Site "Moscow"]
[Date "1996.??.??"]
[Round "?"]
[White "Klichev, Mikhail"]
[Black "Kedrov, Valery V"]
[Result "1-0"]
[WhiteElo "2260"]
[BlackElo "2385"]
[PlyCount "47"]
[EventDate "1996.??.??"]
[EventType "tourn"]
[EventRounds "8"]
[EventCountry "RUS"]
[EventCategory "4"]
[SourceTitle "EXT 2000"]
[Source "ChessBase"]
[SourceDate "1999.11.16"]
[SourceVersion "1"]
[SourceVersionDate "1999.11.16"]
[SourceQuality "1"]

1. e4 c5 2. Nc3 Nc6 3. f4 g6 4. Nf3 Bg7 5. Bb5 Nd4 6. Nxd4 cxd4 7. Ne2 Nf6 8. e5 Nd5 9. c4 dxc3 10. dxc3 Nc7 11. Bc4 0-0 12. 0-0 d6 13. exd6 exd6 14. Nd4 d5 15. Bb3 Ne6 16. Be3 Nc5 17. Qf3 Nxb3 18. Nxb3 Bf5 19. Rad1 Be4 20. Qf2 b6 21. Bd4 Rc8 22. a4 Qd7 23. Bxg7 Kxg7 24. Qd4+ 1-0

[Event "Moscow IM5"]
[Site "Moscow"]
[Date "1996.??.??"]
[Round "?"]
[White "Saulin, Dmitri"]
[Black "Kedrov, Valery V"]
[Result "1/2-1/2"]
[WhiteElo "2370"]
[BlackElo "2385"]
[PlyCount "84"]
[EventDate "1996.??.??"]
[EventType "tourn"]
[EventRounds "8"]
[EventCountry "RUS"]
[EventCategory "4"]
[SourceTitle "EXT 2000"]
[Source "ChessBase"]
[SourceDate "1999.11.16"]
[SourceVersion "1"]
[SourceVersionDate "1999.11.16"]
[SourceQuality "1"]

1. e4 c5 2. Nf3 g6 3. d4 cxd4 4. Qxd4 Nf6 5. Bb5 Nc6 6. Bxc6 bxc6 7. e5 Nd5 8. 0-0 Bg7 9. Qh4 h6 10. c4 Nb4 11. Qe4 d5 12. cxd5 Nxd5 13. Qh4 Qb6 14. Rd1 Bf5 15. Nbd2 Rd8 16. Nc4 Qa6 17. Ne3 g5 18. Qd4 Bg6 19. Qc5 0-0 20. Nd4 Nf4 21. Qxc6 Qa5 22. Qb5 Qxb5 23. Nxb5 Bxe5 24. Nxa7 Ne2+ 25. Kf1 Nxc1 26. Raxc1 Bxb2 27. Rc7 e6 28. Nc6 Ra8 29. Ne7+ Kg7 30. Nxg6 Kxg6 31. Rc2 Bf6 32. g3 Ra7 33. f4 Rfa8 34. Rd6 Rxa2 35. f5+ Kg7 36. Rxa2 Rxa2 37. fxe6 fxe6 38. Rxe6 Kf7 39. Rc6 Ra5 40. Kg2 h5 41. Kf3 Ra3 42. Ke4 Ra4+ 1/2-1/2